000
00452nam a2200169Ia 4500
008
090711s9999 xx 000 0 und d
082
_b
56779
100
_a
जोगळेकर योगिनी
245
_a
दसरा
260
_c
1987
300
_a
193
600
_a
जोगळेकर योगिनी
630
_a
दसरा
700
_a
जोगळेकर योगिनी
730
_a
दसरा
942
_c
BOOK
999
_c
310065
_d
310065